<?xml version="1.0" encoding="UTF-8"?><?xml-stylesheet type="text/xsl" href="static/style.xsl"?><OAI-PMH xmlns="http://www.openarchives.org/OAI/2.0/" xmlns:xsi="http://www.w3.org/2001/XMLSchema-instance" xsi:schemaLocation="http://www.openarchives.org/OAI/2.0/ http://www.openarchives.org/OAI/2.0/OAI-PMH.xsd"><responseDate>2026-04-13T00:09:56Z</responseDate><request verb="GetRecord" identifier="oai:www.recercat.cat:11351/12123" metadataPrefix="marc">https://recercat.cat/oai/request</request><GetRecord><record><header><identifier>oai:recercat.cat:11351/12123</identifier><datestamp>2025-10-24T10:38:26Z</datestamp><setSpec>com_2072_378070</setSpec><setSpec>com_2072_378040</setSpec><setSpec>col_2072_378092</setSpec></header><metadata><record xmlns="http://www.loc.gov/MARC21/slim" xmlns:dcterms="http://purl.org/dc/terms/" xmlns:xsi="http://www.w3.org/2001/XMLSchema-instance" xmlns:doc="http://www.lyncode.com/xoai" xsi:schemaLocation="http://www.loc.gov/MARC21/slim http://www.loc.gov/standards/marcxml/schema/MARC21slim.xsd">
   <leader>00925njm 22002777a 4500</leader>
   <datafield ind2=" " ind1=" " tag="042">
      <subfield code="a">dc</subfield>
   </datafield>
   <datafield ind2=" " ind1=" " tag="720">
      <subfield code="a">Alcalá-González, Luis Gerardo</subfield>
      <subfield code="e">author</subfield>
   </datafield>
   <datafield ind2=" " ind1=" " tag="720">
      <subfield code="a">Nieto Ruiz, Adoración</subfield>
      <subfield code="e">author</subfield>
   </datafield>
   <datafield ind2=" " ind1=" " tag="720">
      <subfield code="a">Accarino, Anna</subfield>
      <subfield code="e">author</subfield>
   </datafield>
   <datafield ind2=" " ind1=" " tag="720">
      <subfield code="a">Azpiroz, Fernando</subfield>
      <subfield code="e">author</subfield>
   </datafield>
   <datafield ind2=" " ind1=" " tag="720">
      <subfield code="a">Malagelada, Carolina</subfield>
      <subfield code="e">author</subfield>
   </datafield>
   <datafield ind2=" " ind1=" " tag="260">
      <subfield code="c">2024-10-25T08:26:29Z</subfield>
   </datafield>
   <datafield ind2=" " ind1=" " tag="260">
      <subfield code="c">2024-10-25T08:26:29Z</subfield>
   </datafield>
   <datafield ind2=" " ind1=" " tag="260">
      <subfield code="c">2024-11</subfield>
   </datafield>
   <datafield ind2=" " ind1=" " tag="520">
      <subfield code="a">Intestinal dysmotility; Pseudo‐obstruction; Small bowel manometry</subfield>
   </datafield>
   <datafield ind2=" " ind1=" " tag="520">
      <subfield code="a">Dismotilitat intestinal; Pseudo-obstrucció; Manometria de l'intestí prim</subfield>
   </datafield>
   <datafield ind2=" " ind1=" " tag="520">
      <subfield code="a">Dismotilidad intestinal; Pseudo-obstrucción; Manometría del intestino delgado</subfield>
   </datafield>
   <datafield ind2=" " ind1=" " tag="520">
      <subfield code="a">Background&#xd;
The diagnosis of small bowel motility disorders is performed by manometric evaluation of the contractile patterns of the small intestine. Conventional intestinal manometry systems include few pressure sensors at relatively long intervals. We have recently shown that high-resolution jejunal manometry, with multiple closely spaced recording sites, allows the analysis of propagation patterns of intestinal motility in healthy subjects that cannot be detected with conventional manometry. The objective of this pilot study was to explore the feasibility and diagnostic value of high-resolution intestinal manometry in patients with suspected small bowel dysmotility.&#xd;
Methods&#xd;
Prospective pilot study evaluating intestinal motility patterns in 16 consecutive patients (16–61 years; 11 women) with severe, chronic digestive symptoms referred for the evaluation of intestinal motility and in 18 healthy controls (21–38 years; 8 women). A 36-channel high-resolution manometry catheter was orally placed under radiological guidance in the jejunum. Intestinal motility was continuously recorded for 3 h fasting and 2 h after a 450 kcal meal. The manometric recordings were analyzed in two formats: (a) with the high-resolution data from 34 channels and (b) showing only the recordings from 5 channels separated by 7 cm intervals, mimicking a conventional manometry recording.&#xd;
Key Results&#xd;
In the analysis mimicking conventional manometry, abnormal motility criteria were detected in six patients and in no healthy subject [bursts (n = 3), postprandial minute rhythm (n = 1) and myopathic pattern (n = 2)]. These classical dysmotility criteria were also detected by high-resolution manometry. High-resolution analysis detected one or more abnormal findings in seven additional patients that were not observed in any healthy subject, specifically: (a) abnormal propagation of Phase III (n = 3); (b) reduced propagated activity during Fasting Phase II (n = 4); (c) increased propagated activity during Fasting Phase II and postprandial phase (n = 1).&#xd;
Conclusions and Inferences&#xd;
This pilot study suggests that high-resolution intestinal manometry may improve the sensitivity of conventional manometry in the detection of intestinal motor dysfunction.</subfield>
   </datafield>
   <datafield ind2=" " ind1=" " tag="520">
      <subfield code="a">This work was supported by the Instituto de Salud Carlos III and co-financed by the European Union (FEDER/FSE) [PI17/01794]; Ministerio de Ciencia e Innovación (Agencia Estatal de Investigación, PID2021-122295OB-I00); Ciberehd is funded by the Instituto de Salud Carlos III. LA was supported by a scholarship from the Instituto de Salud Carlos III (CM20/00182).</subfield>
   </datafield>
   <datafield ind1="8" ind2=" " tag="024">
      <subfield code="a">http://hdl.handle.net/11351/12123</subfield>
   </datafield>
   <datafield tag="653" ind2=" " ind1=" ">
      <subfield code="a">Intestins - Malalties - Diagnòstic</subfield>
   </datafield>
   <datafield tag="653" ind2=" " ind1=" ">
      <subfield code="a">Tracte gastrointestinal - Motilitat</subfield>
   </datafield>
   <datafield tag="653" ind2=" " ind1=" ">
      <subfield code="a">Intestins - Obstrucció</subfield>
   </datafield>
   <datafield tag="653" ind2=" " ind1=" ">
      <subfield code="a">DISEASES::Digestive System Diseases::Gastrointestinal Diseases::Intestinal Diseases</subfield>
   </datafield>
   <datafield tag="653" ind2=" " ind1=" ">
      <subfield code="a">ANALYTICAL, DIAGNOSTIC AND THERAPEUTIC TECHNIQUES, AND EQUIPMENT::Investigative Techniques::Manometry</subfield>
   </datafield>
   <datafield tag="653" ind2=" " ind1=" ">
      <subfield code="a">PHENOMENA AND PROCESSES::Digestive System and Oral Physiological Phenomena::Digestive System Physiological Phenomena::Gastrointestinal Motility</subfield>
   </datafield>
   <datafield tag="653" ind2=" " ind1=" ">
      <subfield code="a">DISEASES::Digestive System Diseases::Gastrointestinal Diseases::Intestinal Diseases::Intestinal Obstruction::Ileus::Intestinal Pseudo-Obstruction</subfield>
   </datafield>
   <datafield tag="653" ind2=" " ind1=" ">
      <subfield code="a">ENFERMEDADES::enfermedades del sistema digestivo::enfermedades gastrointestinales::enfermedades intestinales</subfield>
   </datafield>
   <datafield tag="653" ind2=" " ind1=" ">
      <subfield code="a">TÉCNICAS Y EQUIPOS ANALÍTICOS, DIAGNÓSTICOS Y TERAPÉUTICOS::técnicas de investigación::manometría</subfield>
   </datafield>
   <datafield tag="653" ind2=" " ind1=" ">
      <subfield code="a">FENÓMENOS Y PROCESOS::fenómenos fisiológicos orales y del sistema digestivo::fenómenos fisiológicos del sistema digestivo::motilidad gastrointestinal</subfield>
   </datafield>
   <datafield tag="653" ind2=" " ind1=" ">
      <subfield code="a">ENFERMEDADES::enfermedades del sistema digestivo::enfermedades gastrointestinales::enfermedades intestinales::obstrucción intestinal::ileus::seudoobstrucción intestinal</subfield>
   </datafield>
   <datafield ind2="0" ind1="0" tag="245">
      <subfield code="a">High-resolution versus conventional manometry for the diagnosis of small bowel motor dysfunction</subfield>
   </datafield>
</record></metadata></record></GetRecord></OAI-PMH>